Historia contemporánea de América Latina / (Registro nro. 40123)
[ vista simple ]
| 000 -CABECERA | |
|---|---|
| campo de control de longitud fija | 00676nam a2200205 a 4500 |
| 001 - NÚMERO DE CONTROL | |
| campo de control | 000040633 |
| 005 - FECHA Y HORA DE LA ÚLTIMA TRANSACCIÓN | |
| campo de control | 20201002034251.0 |
| 008 - DATOS DE LONGITUD FIJA--INFORMACIÓN GENERAL | |
| campo de control de longitud fija | 130904s2010 sp 000 0 spa d |
| 020 ## - NÚMERO INTERNACIONAL ESTÁNDAR DEL LIBRO | |
| Número Internacional Estándar del Libro | 9788420635156 |
| 040 ## - FUENTE DE LA CATALOGACIÓN | |
| Centro catalogador/agencia de origen | DO-SdBNP |
| 100 1# - ENTRADA PRINCIPAL--NOMBRE DE PERSONA | |
| Nombre de persona | Donghi, Tulio Halperin |
| 9 (RLIN) | 66985 |
| 245 10 - MENCIÓN DE TÍTULO | |
| Título | Historia contemporánea de América Latina / |
| Mención de responsabilidad, etc. | Tulio Halperin Donghi. |
| 250 ## - MENCIÓN DE EDICIÓN | |
| Mención de edición | ed. corr. y aum |
| 260 ## - PUBLICACIÓN, DISTRIBUCIÓN, ETC. | |
| Lugar de publicación, distribución, etc. | Madrid : |
| Nombre del editor, distribuidor, etc. | Alianza, D.L., |
| Fecha de publicación, distribución, etc. | 2010. |
| 300 ## - DESCRIPCIÓN FÍSICA | |
| Extensión | 750 p. ; |
| Dimensiones | 20 cm. |
| 490 1# - MENCIÓN DE SERIE | |
| Mención de serie | El libro de bolsillo. |
| -- | Sección Humanidades |
| Designación de volumen o secuencia | 4156 |
| 500 ## - NOTA GENERAL | |
| Nota general | Octava reimpresión |
| 504 ## - NOTA DE BIBLIOGRAFÍA, ETC. | |
| Nota de bibliografía, etc. | Bibliografía : p. 741-750 |
| 830 #0 - PUNTO DE ACCESO ADICIONAL DE SERIE-TÍTULO UNIFORME | |
| Título uniforme | El libro de bolsillo. |
| Nombre de parte o sección de la obra | Sección Humanidades |
| Designación de volumen o secuencia | 4156 |
| 9 (RLIN) | 66986 |
| Estado de retiro | Estado de pérdida | Restricciones de uso | No para préstamo | Código de colección | Localización permanente | Ubicación/localización actual | Ubicación en estantería | Fecha de adquisición | Número de inventario | Total de préstamos | Signatura topográfica completa | Código de barras | Fecha visto por última vez | Precio válido a partir de | Tipo de ítem Koha |
|---|---|---|---|---|---|---|---|---|---|---|---|---|---|---|---|
| Excluido de préstamo | Monografías: Libros y Folletos | General | General | En catalogación | 04.09.2013 | LF1 | 40633-10 | 25.06.2020 | 25.06.2020 | No se presta |
